000 01180cab a22002535a 4500
001 L137614
008 070419s2007 xxk f 000 0 eng d
035 _a(Sirsi) u137614
041 0 _aeng
100 1 _aPearson, David
245 0 2 _aA practical understanding of the law
_bpart 3
260 _c2007
490 0 _aFacilities Management
_v14(7) April 2007, 22-23(2)
520 _aDiscusses the offering and acceptance of contracts and the point at which they become final under English law. Discusses communication between parties in various forms, including oral and written offers and acceptance. Makes particular reference to the effect of internet communication on the acceptance of a binding contract. A description of the Electronic Communications Act 2000 is given for this purpose. (See also L137118 and L137119).
590 _aKA
650 2 4 _aADAMS V LINDSELL
650 2 4 _aCARLILL V CARBOLIC SMOKE BALL CO
650 2 4 _aHOLWELL V HUGHES
650 2 4 _aHOUSEHOLD FIRE INSURANCE V GRANT
650 2 4 _aELECTRONIC COMMUNICATIONS ACT 2000
651 4 _aEngland and Wales
_y1543-
690 _aMANAGEMENT-PROJECT MANAGEMENT-CONTRACT ADMINISTRATION
942 _n0
999 _c78673
_d78673